[Event "Oberliga Nord O 1819"]
[Site "Germany"]
[Date "2019.01.20"]
[Round "5.3"]
[White "Weber, Max"]
[Black "Horn, Sven"]
[Result "1-0"]
[WhiteElo "2238"]
[BlackElo "2095"]
[PlyCount "99"]
[EventDate "2018.10.21"]
[EventType "team-tourn"]
[EventRounds "9"]
[EventCountry "GER"]
[SourceTitle "EXT 2020"]
[Source "ChessBase"]
[SourceDate "2019.10.17"]
[SourceVersion "1"]
[SourceVersionDate "2019.10.17"]
[SourceQuality "1"]
[WhiteTeam "Greifswald"]
[BlackTeam "Oberschoeneweide"]
[WhiteTeamCountry "GER"]
[BlackTeamCountry "GER"]

1. Nf3 Nf6 2. c4 e6 3. g3 d5 4. Bg2 Be7 5. 0-0 0-0 6. d4 b6 7. Ne5 Bb7 8. Nc3 Qc8 9. cxd5 exd5 10. Bf4 Qe6 11. Rc1 Na6 12. Nd3 Ne4 13. Qb3 Nxc3 14. Rxc3 Bf6 15. Be5 Bxe5 16. Nxe5 c5 17. Qa4 Nc7 18. Re3 b5 19. Qd1 cxd4 20. Qxd4 Qd6 21. Nd3 Ne6 22. Qe5 Rfd8 23. Nf4 Qxe5 24. Rxe5 Nxf4 25. gxf4 Rac8 26. Rd1 Rc5 27. e4 Kf8 28. exd5 f6 29. Re2 Rd6 30. b3 Bc8 31. Rde1 Rc7 32. h4 Kf7 33. Kh2 Bb7 34. Rd2 Rc5 35. Kg3 Rc3+ 36. Re3 Rc7 37. f5 Rcd7 38. Re6 Rd8 39. Kf4 Bc8 40. Rxd6 Rxd6 41. Rc2 Bd7 42. Rc7 a6 43. Be4 Ke7 44. Ke3 Kd8 45. Ra7 b4 46. Kd4 Rb6 47. Bd3 Rb8 48. Rxa6 Rc8 49. d6 Bc6 50. Ra7 1-0

[Event "Berlin Spandau op"]
[Site "Berlin"]
[Date "2018.12.28"]
[Round "4"]
[White "Puuska, Heini"]
[Black "Weber, Max"]
[Result "0-1"]
[WhiteElo "1952"]
[BlackElo "2225"]
[PlyCount "104"]
[EventDate "2018.12.27"]
[EventType "swiss"]
[EventRounds "7"]
[EventCountry "GER"]
[SourceTitle "CBM 188 Extra"]
[Source "ChessBase"]
[SourceDate "2019.02.26"]
[SourceVersion "1"]
[SourceVersionDate "2019.02.26"]
[SourceQuality "1"]

1. d4 Nf6 2. Nf3 g6 3. c4 Bg7 4. e3 0-0 5. Be2 b6 6. 0-0 Bb7 7. Nbd2 e6 8. b4 d6 9. Ba3 Ne4 10. Nxe4 Bxe4 11. Rc1 c5 12. Nd2 Bb7 13. Nb3 cxb4 14. Bxb4 Nc6 15. Ba3 Re8 16. Bf3 Qd7 17. Qd2 Rad8 18. Rfd1 Ne7 19. Bxb7 Qxb7 20. Bb2 Nf5 21. d5 e5 22. Rc2 Qe7 23. Nc1 Nh4 24. e4 f5 25. f3 Rf8 26. Nd3 g5 27. Bc1 h6 28. Nb4 Qf7 29. Nc6 Rd7 30. Qe1 Qg6 31. Re2 f4 32. a4 Bf6 33. h3 h5 34. Qf2 g4 35. hxg4 hxg4 36. Kf1 Rh7 37. Ke1 Qh5 38. Kd2 gxf3 39. gxf3 Rg7 40. Kc3 Rg2 41. Rg1 Rxg1 42. Qxg1+ Kf7 43. Qg4 Qxg4 44. fxg4 a5 45. Rb2 Rg8 46. Rxb6 Rxg4 47. Nxa5 f3 48. Rb2 Rxe4 49. Nc6 Re1 50. Bh6 e4+ 51. Nd4 Bxd4+ 52. Kxd4 Nf5+ 0-1

[Event "Oberliga Nord O 1819"]
[Site "Germany"]
[Date "2018.12.16"]
[Round "4.3"]
[White "Nogly, Christoph"]
[Black "Weber, Max"]
[Result "1-0"]
[WhiteElo "2223"]
[BlackElo "2238"]
[PlyCount "111"]
[EventDate "2018.10.21"]
[EventType "team-tourn"]
[EventRounds "9"]
[EventCountry "GER"]
[SourceTitle "EXT 2020"]
[Source "ChessBase"]
[SourceDate "2019.10.17"]
[SourceVersion "1"]
[SourceVersionDate "2019.10.17"]
[SourceQuality "1"]
[WhiteTeam "Berlin SF III"]
[BlackTeam "Greifswald"]
[WhiteTeamCountry "GER"]
[BlackTeamCountry "GER"]

1. d4 Nf6 2. c4 g6 3. Nc3 d5 4. Nf3 Bg7 5. cxd5 Nxd5 6. e4 Nxc3 7. bxc3 c5 8. Be3 Qa5 9. Qd2 Nc6 10. Rb1 a6 11. Rc1 Bg4 12. d5 Rd8 13. Be2 0-0 14. 0-0 e6 15. Bg5 Rd7 16. Qf4 Bxf3 17. dxc6 Bxe2 18. cxd7 Bxf1 19. Rd1 f6 20. Qd6 Bb5 21. d8Q Rxd8 22. Qxd8+ Qxd8 23. Rxd8+ Kf7 24. Be3 Bf8 25. c4 Bxc4 26. Rd7+ Kg8 27. Rxb7 Bxa2 28. Rb2 Bc4 29. Rb8 Kf7 30. Rc8 Bd3 31. Bxc5 Bxc5 32. Rxc5 Bxe4 33. Rc7+ Kg8 34. f4 h5 35. g3 g5 36. fxg5 fxg5 37. Kf2 Bf5 38. Ke3 h4 39. Kd4 hxg3 40. hxg3 g4 41. Ke5 Kf8 42. Ra7 Bd3 43. Kf6 Ke8 44. Kxe6 Bc4+ 45. Kf5 Be2 46. Kf6 Kd8 47. Ke6 Kc8 48. Kd6 Bd3 49. Rc7+ Kb8 50. Kc6 Be4+ 51. Kb6 Bf3 52. Rc4 a5 53. Kxa5 Kb7 54. Kb4 Kb6 55. Kc3 Be2 56. Rc8 1-0

[Event "Oberliga Nord O 1819"]
[Site "Germany"]
[Date "2018.11.25"]
[Round "3.3"]
[White "Lerch, Philipp"]
[Black "Weber, Max"]
[Result "1-0"]
[WhiteElo "2311"]
[BlackElo "2238"]
[PlyCount "53"]
[EventDate "2018.10.21"]
[EventType "team-tourn"]
[EventRounds "9"]
[EventCountry "GER"]
[SourceTitle "EXT 2020"]
[Source "ChessBase"]
[SourceDate "2019.10.17"]
[SourceVersion "1"]
[SourceVersionDate "2019.10.17"]
[SourceQuality "1"]
[WhiteTeam "Kreuzberg"]
[BlackTeam "Greifswald"]
[WhiteTeamCountry "GER"]
[BlackTeamCountry "GER"]

1. d4 Nf6 2. Bf4 g6 3. Nc3 Bg7 4. e4 d6 5. Nf3 c6 6. a4 Bg4 7. Be2 Nbd7 8. 0-0 0-0 9. Qd2 Qa5 10. b4 Qxb4 11. a5 Bxf3 12. Bxf3 e5 13. Ra4 Qb2 14. Rb1 Qxb1+ 15. Nxb1 exf4 16. Qxf4 Rfe8 17. Nd2 Rad8 18. g4 h6 19. Nc4 b5 20. axb6 Nxb6 21. Nxb6 axb6 22. Ra7 Rf8 23. Be2 c5 24. c3 d5 25. e5 Ne4 26. e6 Ra8 27. Rxa8 1-0

[Event "GER CupT 1718 Round2 (3)"]
[Site "Lemgo"]
[Date "2018.03.04"]
[Round "2"]
[White "Weber, Max"]
[Black "Wittke, Rene"]
[Result "0-1"]
[WhiteElo "2243"]
[BlackElo "2237"]
[PlyCount "58"]
[EventDate "2018.03.03"]
[EventType "team-k.o."]
[EventRounds "2"]
[EventCountry "GER"]
[SourceTitle "CBM 183 Extra"]
[Source "ChessBase"]
[SourceDate "2018.04.19"]
[SourceVersion "1"]
[SourceVersionDate "2018.04.19"]
[SourceQuality "1"]
[WhiteTeam "Greifswald"]
[BlackTeam "Lieme"]
[WhiteTeamCountry "GER"]
[BlackTeamCountry "GER"]

1. d4 Nf6 2. c4 Nc6 3. Nf3 e6 4. a3 d6 5. Nc3 g6 6. g3 Bg7 7. Bg2 0-0 8. 0-0 Re8 9. h3 Bd7 10. Be3 e5 11. Rc1 a5 12. b3 Nh5 13. dxe5 dxe5 14. Qd2 Qc8 15. Kh2 Ne7 16. Rfd1 Bc6 17. Bc5 Nf5 18. a4 e4 19. Ng5 e3 20. Bxe3 Nxe3 21. Bxc6 bxc6 22. fxe3 Be5 23. Qd7 Bxg3+ 24. Kg1 Qxd7 25. Rxd7 Rxe3 26. Nxf7 Bf4 27. Rc2 Rf8 28. Nd8 Rg3+ 29. Kh1 Be5 0-1

[Event "Oberliga Nord O 1718"]
[Site "Germany"]
[Date "2017.12.10"]
[Round "4.3"]
[White "Urban, Julian"]
[Black "Weber, Max"]
[Result "1-0"]
[WhiteElo "2249"]
[BlackElo "2243"]
[PlyCount "107"]
[EventDate "2017.10.08"]
[EventType "team-tourn"]
[EventRounds "9"]
[EventCountry "GER"]
[SourceTitle "EXT 2019"]
[Source "ChessBase"]
[SourceDate "2018.10.10"]
[SourceVersion "1"]
[SourceVersionDate "2018.10.10"]
[SourceQuality "1"]
[WhiteTeam "Berlin Empor"]
[BlackTeam "Greifswald"]
[WhiteTeamCountry "GER"]
[BlackTeamCountry "GER"]

1. b3 d5 2. Bb2 Nf6 3. e3 g6 4. f4 Bg7 5. Nf3 0-0 6. Be2 c5 7. 0-0 Nc6 8. Ne5 Bd7 9. Bf3 d4 10. Na3 Rc8 11. Qe2 a6 12. Nd3 Na5 13. Rac1 Ne8 14. c4 b6 15. exd4 Bf5 16. Nc2 Nc6 17. Bxc6 Bxd3 18. Qxd3 Rxc6 19. Ba3 cxd4 20. Nb4 Re6 21. Rce1 Nd6 22. Rxe6 fxe6 23. Qe2 Qd7 24. Nd3 Rf5 25. Re1 Ra5 26. Bxd6 exd6 27. a4 b5 28. axb5 axb5 29. c5 dxc5 30. Nxc5 Qd5 31. b4 Ra2 32. Qxb5 Rxd2 33. Qe8+ Bf8 34. Ne4 Qa2 35. Nxd2 Qxd2 36. Qxe6+ Kg7 37. Qe5+ Kh6 38. b5 d3 39. Kf1 Qb4 40. Rd1 d2 41. g3 Bc5 42. Qe2 Qd4 43. Kg2 Bb4 44. h4 Qd5+ 45. Kh2 Qd4 46. Rf1 Qb2 47. Kh3 Qc2 48. b6 Qc8+ 49. Kh2 Qc6 50. Qe3 d1Q 51. f5+ Kg7 52. f6+ Kf8 53. Rxd1 Qc2+ 54. Rd2 1-0

[Event "Oberliga Nord O 1718"]
[Site "Germany"]
[Date "2017.11.12"]
[Round "3.2"]
[White "Breier, Andreas"]
[Black "Weber, Max"]
[Result "1/2-1/2"]
[WhiteElo "2375"]
[BlackElo "2243"]
[PlyCount "85"]
[EventDate "2017.10.08"]
[EventType "team-tourn"]
[EventRounds "9"]
[EventCountry "GER"]
[SourceTitle "EXT 2019"]
[Source "ChessBase"]
[SourceDate "2018.10.10"]
[SourceVersion "1"]
[SourceVersionDate "2018.10.10"]
[SourceQuality "1"]
[WhiteTeam "Berlin Tegel II"]
[BlackTeam "Greifswald"]
[WhiteTeamCountry "GER"]
[BlackTeamCountry "GER"]

1. Nf3 c5 2. c4 Nc6 3. g3 g6 4. Bg2 Bg7 5. 0-0 e6 6. Nc3 Nge7 7. Nb5 d5 8. d4 cxd4 9. cxd5 Nxd5 10. Nbxd4 Nxd4 11. Nxd4 0-0 12. e4 Nb6 13. Nf3 Qxd1 14. Rxd1 Bd7 15. Rb1 Bc6 16. Nd4 Rfd8 17. Be3 Nc4 18. Nxc6 bxc6 19. Rxd8+ Rxd8 20. Bg5 f6 21. Bf4 e5 22. Bf1 exf4 23. Bxc4+ Kf8 24. gxf4 Rd4 25. Bf1 Rxe4 26. Rc1 f5 27. b3 Bd4 28. Rxc6 Rxf4 29. Rc2 Re4 30. Kg2 Re1 31. Rd2 Bb6 32. Bc4 Ke7 33. Bb5 Kf6 34. b4 Rb1 35. a3 Rb3 36. Ra2 Bd4 37. Bc4 Rb2 38. Rxb2 Bxb2 39. a4 Ke5 40. Kf3 g5 41. Be2 Bc3 42. b5 Ba5 43. h3 1/2-1/2

[Event "Berlin Lichtenrade op 13th"]
[Site "Berlin"]
[Date "2017.11.05"]
[Round "9"]
[White "Malek, Daniel"]
[Black "Weber, Max"]
[Result "1-0"]
[WhiteElo "2405"]
[BlackElo "2264"]
[PlyCount "69"]
[EventDate "2017.10.28"]
[EventType "swiss"]
[EventRounds "9"]
[EventCountry "GER"]
[SourceTitle "CBM 181 Extra"]
[Source "ChessBase"]
[SourceDate "2017.12.12"]
[SourceVersion "1"]
[SourceVersionDate "2017.12.12"]
[SourceQuality "1"]

1. d4 Nf6 2. c4 g6 3. Nc3 d5 4. Bf4 Bg7 5. e3 c5 6. dxc5 Qa5 7. Rc1 dxc4 8. Bxc4 0-0 9. Nge2 Qxc5 10. Qb3 Nc6 11. Nb5 Qh5 12. Ng3 Qh4 13. Nc7 e5 14. Bxe5 Nxe5 15. Nxa8 b6 16. Nc7 Bb7 17. Nd5 Nxd5 18. Bxd5 Bxd5 19. Qxd5 Rd8 20. Qb5 Nd3+ 21. Ke2 Nxc1+ 22. Rxc1 Qg4+ 23. f3 Qh4 24. Nf1 Qf6 25. Rc2 Bf8 26. Nd2 Qh4 27. h3 Qg3 28. Kf1 Bc5 29. Qe2 f5 30. b4 Bd6 31. f4 Kg7 32. Nf3 Bxb4 33. Rc7+ Kf8 34. Qc2 Bc5 35. Qb3 1-0

[Event "Berlin Lichtenrade op 13th"]
[Site "Berlin"]
[Date "2017.10.30"]
[Round "3"]
[White "Cusnariov, Nikolai"]
[Black "Weber, Max"]
[Result "1/2-1/2"]
[WhiteElo "2099"]
[BlackElo "2264"]
[PlyCount "73"]
[EventDate "2017.10.28"]
[EventType "swiss"]
[EventRounds "9"]
[EventCountry "GER"]
[SourceTitle "CBM 181 Extra"]
[Source "ChessBase"]
[SourceDate "2017.12.12"]
[SourceVersion "1"]
[SourceVersionDate "2017.12.12"]
[SourceQuality "1"]

1. c4 Nf6 2. Nc3 d5 3. cxd5 Nxd5 4. g3 g6 5. Bg2 Nb6 6. Nf3 Bg7 7. 0-0 Nc6 8. d3 0-0 9. a4 a5 10. Be3 e5 11. Bxb6 cxb6 12. Nd2 Be6 13. Nc4 Rc8 14. Qb3 Nd4 15. Qxb6 Bxc4 16. Qxd8 Rfxd8 17. dxc4 Rxc4 18. e3 Ne6 19. Rfd1 Rxd1+ 20. Rxd1 Rb4 21. Rd5 b6 22. Rb5 e4 23. Nd5 Rxb5 24. axb5 Bxb2 25. Bxe4 a4 26. Nxb6 a3 27. Bb1 Nc7 28. Kf1 Nxb5 29. Nd5 Kf8 30. Ke2 Ke8 31. Kd3 Kd7 32. Ba2 Kd6 33. Nb4 f6 34. Bg8 h6 35. Bf7 g5 36. h3 Kc5 37. Na2 1/2-1/2

[Event "Berlin Lichtenrade op 13th"]
[Site "Berlin"]
[Date "2017.10.28"]
[Round "1"]
[White "Reck, Jessica"]
[Black "Weber, Max"]
[Result "0-1"]
[WhiteElo "1723"]
[BlackElo "2264"]
[PlyCount "76"]
[EventDate "2017.10.28"]
[EventType "swiss"]
[EventRounds "9"]
[EventCountry "GER"]
[SourceTitle "CBM 181 Extra"]
[Source "ChessBase"]
[SourceDate "2017.12.12"]
[SourceVersion "1"]
[SourceVersionDate "2017.12.12"]
[SourceQuality "1"]

1. e4 c5 2. Nf3 e6 3. c3 Nf6 4. e5 Nd5 5. d4 cxd4 6. cxd4 d6 7. Bc4 Nc6 8. 0-0 Be7 9. Bd2 Bd7 10. Nc3 Nxc3 11. Bxc3 0-0 12. Qe2 Qb6 13. Rad1 Rfd8 14. Rfe1 Nb4 15. Bd2 d5 16. Bd3 Nxd3 17. Qxd3 Bb5 18. Qb3 Qa6 19. Rc1 Rdc8 20. Bg5 Bf8 21. a3 Bd3 22. Rc3 Bg6 23. Rec1 b6 24. h3 h6 25. Bh4 Qb7 26. Ne1 Qa6 27. Qd1 Rxc3 28. Rxc3 Rc8 29. Rxc8 Qxc8 30. Qd2 Qc4 31. Nf3 Be4 32. Ne1 b5 33. f3 Bg6 34. g4 b4 35. f4 bxa3 36. bxa3 Bxa3 37. Qf2 Be4 38. f5 Bb4 0-1

[Event "Blankenese op 1st"]
[Site "Hamburg"]
[Date "2017.10.03"]
[Round "3.8"]
[White "Weber, Max"]
[Black "Giraud, Valerian"]
[Result "1/2-1/2"]
[WhiteElo "2228"]
[BlackElo "2014"]
[PlyCount "31"]
[EventDate "2017.09.30"]
[EventType "swiss"]
[EventRounds "7"]
[EventCountry "GER"]
[SourceTitle "EXT 2020"]
[Source "ChessBase"]
[SourceDate "2019.10.17"]
[SourceVersion "1"]
[SourceVersionDate "2019.10.17"]
[SourceQuality "1"]

1. d4 Nf6 2. c4 e6 3. Nf3 d5 4. g3 Bb4+ 5. Bd2 Be7 6. Bg2 0-0 7. 0-0 Nbd7 8. Qc2 b6 9. cxd5 exd5 10. Qc6 Rb8 11. Bf4 Bb7 12. Qxc7 Qxc7 13. Bxc7 Rbc8 14. Bf4 Rc2 15. Nc3 Rxb2 16. Rfc1 1/2-1/2